00586nam a22001937a 450000500170000000800410001702000180005804000070007604100120008308200200009510000260011524500430014126000420018430000300022636500670025665000240032365000240034765000210037120260307102647.0260305b |||||||| |||| 00| 0 eng d a9781119482086 cAL aEnglish a332.02685bLOPA aMarcos Lopez De Prado aAdvances in financial machine learning aNew JerseybJohn Wiley and Sonsc2018 axxi,366p.bHBc24x15.5cm. aABDI/0854/26b₹3767.50c$54.99d₹5023.335e25%f19-02-2026 aFinance and Banking aMathematical Models aMachine Learning